[Event "Aragon-chT Autonomico"]
[Site "Aragon"]
[Date "2007.02.24"]
[Round "5"]
[White "Parrilla Mendez, David"]
[Black "Gella Bitrian, Diego"]
[Result "0-1"]
[WhiteElo "1664"]
[BlackElo "1812"]
[PlyCount "78"]
[EventDate "2007.01.27"]
[EventType "team"]
[EventRounds "9"]
[EventCountry "ESP"]
[SourceTitle "EXT 2008"]
[Source "ChessBase"]
[SourceDate "2007.11.25"]
[SourceVersion "1"]
[SourceVersionDate "2007.11.25"]
[SourceQuality "1"]
[WhiteTeam "Aragon"]
[BlackTeam "Huesca Club Atletismo"]
[WhiteTeamCountry "ESP"]
[BlackTeamCountry "ESP"]

1. e4 c5 2. Nf3 d6 3. Bc4 Nf6 4. Nc3 e6 5. d4 cxd4 6. Nxd4 a6 7. Be2 Nbd7 8. 0-0 Nc5 9. Bf3 Be7 10. Re1 Qc7 11. Nde2 0-0 12. Nf4 Rb8 13. g3 b5 14. b4 Ncd7 15. Nfe2 Bb7 16. Bg2 Rbc8 17. Bb2 Qb8 18. Rb1 Rc4 19. a3 Nxe4 20. Nxe4 Bxe4 21. Bxe4 Rxe4 22. Nd4 Rxe1+ 23. Qxe1 Bf6 24. Qe3 Ne5 25. Qb3 Nc4 26. Bc3 Bxd4 27. Bxd4 Nd2 28. Qb2 Nxb1 29. Bxg7 Nd2 30. Bh6 Nf3+ 31. Kg2 Ne5 32. f4 Qb7+ 33. Kh3 Qf3 34. Bxf8 Qf1+ 35. Kh4 Ng6+ 36. Kg5 Nxf8 37. h4 e5 38. fxe5 Ne6+ 39. Kh6 Qf5 0-1